The Bible: (Record no. 16193)

000 -LEADER
fixed length control field 00503nam a2200169 a 4500
001 - CONTROL NUMBER
control field :::00018959$&:&@@
003 - CONTROL NUMBER IDENTIFIER
control field OkBaRHE
005 - DATE AND TIME OF LATEST TRANSACTION
control field 20100331143905.0
008 - FIXED-LENGTH DATA ELEMENTS--GENERAL INFORMATION
fixed length control field s1941 j 000 0 eng u
040 ## - CATALOGING SOURCE
Transcribing agency
100 1# - MAIN ENTRY--PERSONAL NAME
Personal name McCrossan, T. J.
245 14 - TITLE STATEMENT
Title The Bible:
Remainder of title its hell and its ages.
260 ## - PUBLICATION, DISTRIBUTION, ETC. (IMPRINT)
Place of publication, distribution, etc Seattle, Washington
Name of publisher, distributor, etc T. J. McCrossan
Date of publication, distribution, etc 1941
300 ## - PHYSICAL DESCRIPTION
Extent 144 p.
942 ## - ADDED ENTRY ELEMENTS (KOHA)
Source of classification or shelving scheme
Koha item type Books
Copies
Permanent Location Damaged status Date last seen Lost status Price effective from Full call number Shelving location Koha item type Not for loan Withdrawn status Copy number Date acquired Source of classification or shelving scheme Barcode
RHEMA Bible Training College 2018-02-16 2010-04-14BS 543 .A2 M3General StacksBooks  12010-04-14 18959